| 000 | 00628cai a22002055a 4500 | ||
|---|---|---|---|
| 001 | L155102 | ||
| 008 | 120301u2012 pl g 000 0 eng d | ||
| 035 | _a(Sirsi) u155102 | ||
| 041 | 0 | _aeng | |
| 110 | 2 | _aStatistics Sweden | |
| 245 | 0 | 0 |
_aConstruction cost index for buildings (CCI) (input price index) _h[electronic resource] |
| 260 |
_aStockholm _bStatistics Sweden _c[2012?] |
||
| 520 | _aConstruction costs for Sweden. | ||
| 590 | _aKA | ||
| 650 | 2 | 4 | _aBUILDING COST INDEX |
| 651 | 4 | _aSweden | |
| 690 |
_aCost management _96233 |
||
| 856 | 4 | 0 |
_uhttps://www.scb.se/PR0502-EN _zView the site at www.scb.se |
| 942 | _n0 | ||
| 999 |
_c120960 _d120960 |
||